000 00741nam a2200253 i 4500
001 C2-0232573
003 PPAK
005 20180728085741.0
008 010129s my a|||| ||||| | may d
020 _a9830844447
040 _aPPAK
_beng
_cPPAK
_erda
082 0 4 _a297.648
_223
090 0 0 _a297.648
_bNAB
_dK
245 0 0 _aNabi Nuh A.S :
_bbahtera penyelamat
264 1 _aKuala Lumpur :
_bKiddibird Sdn. Bhd. ,
_c[date of publication not identified]
300 _a[15 pages] :
_bcolour illustrations ;
_c26 cm
336 _2rdacontent
_atext
337 _2rdamedia
_aunmediated
338 _2rdacarrier
_avolume
490 1 _aSiri kisah nabi
650 1 0 _aIslamic stories, Malay
830 0 _aSiri kisah nabi
942 _ddc
_cB
999 _c151729
_d151729